000 02372nam a2200241 a 4500
005 20250405174608.0
008 161103s2024 000 0 eng d
040 _aCO-CtgCURN
_bspa
_ccoctgcurn
082 0 _aEST 2024
_bC564
100 1 _aChávez Furnieles, Irina Alejandra.
245 1 0 _aBody Molding Center :
_bAvance de trabajo de grado /
_cIrina Alejandra Chávez Furnieles.
260 _aCartagena de Indias, D.T. :
_bCorporación Universitaria "Rafael Nuñez",
_c2024.
300 _a22 hojas.
336 _2rdacontent
337 _2rdamedia
_asin mediacion
_bn
338 _2rdacarrier
_avolumen
_bnc
502 _aTrabajo de grado (Tecnología en Estética y cosmetología). Corporación Universitaria "Rafael Nuñez" Facultad de Ciencias de la Salud. Programa de Tecnología en Estética y cosmetología, 2024.
520 _aEn conclusión podemos destacar que el trabajo interdisciplinario medico-estético es de vital importancia para el avance y el crecimiento optimo de esta área, la estetocosmetologia actual esta regida por normativas tajantes que obligan a la esteticista a ir de la mano con el medico en una perfecta sinergia siempre en post del bienestar del usuario y los pacientes.Este trabajo interdisciplinario perfecciona , complementa y realza cada una de las áreas de la salud,evitando así que hoy día personas sin conocimiento y sin ética profesional se puedan apropiar de malamanera de esta área especifica de la salud, lo que conlleva no solamente a su mal uso si no a su mala reputación profesional. Es entonces pues la finalidad de esta proyecto capacitar, incentivar y transmitir a partir de nuestra experiencia empresarial y profesional a que siga en la búsqueda asertiva del trabajo interdisciplinario, en este momento capacitamos médicos en áreas estéticas pero también estetocosmetologas que quieren seguir avanzando, nuestra finalidad capacitar para que el día de mañana ellos también puedan hacerlo con las próximas generaciones en las diferentes áreas de la salud, mas que nuestra labor social es un compromiso profesional, nuestro lema AVANCE QUE DIOS NOS RESPALDA.
650 0 _aEstética y cosmetología
_xTesis y Disertaciones academicas.
856 7 _zClic aqui para ver el texto completo
942 _hEST 2024
_iC564
_2ddc
_cTG
999 _c29536
_d29536